[Event "Moscow-ch"]
[Site "Moscow RUS"]
[Date "2000.??.??"]
[Round "8"]
[White "Sambuev, Bator"]
[Black "Baikov, Vladimir"]
[Result "1-0"]
[WhiteElo "2385"]
[BlackElo "2412"]
[PlyCount "99"]
[EventDate "2000.05.??"]
[EventType "swiss"]
[EventRounds "9"]
[EventCountry "RUS"]
[Source "ChessBase"]
[SourceDate "2000.11.22"]

1. Nf3 Nf6 2. c4 c5 3. Nc3 d5 4. cxd5 Nxd5 5. g3 Nc6 6. Bg2 Nc7 7. O-O e5 8.
Ne1 Bd7 9. Nd3 Bd6 10. Ne4 Qe7 11. b3 O-O 12. Bb2 Rae8 13. f4 exf4 14. Nxd6
Qxd6 15. Nxf4 b6 16. a3 a5 17. e3 f6 18. Rc1 Ne6 19. Nd5 Ne7 20. Nxe7+ Rxe7 21.
d4 cxd4 22. exd4 Ng5 23. Qd3 Bh3 24. Qc4+ Kh8 25. Qc6 Qb8 26. d5 Re2 27. Rf2
Rxf2 28. Kxf2 Rc8 29. Qb5 h6 30. Bxh3 Nxh3+ 31. Kg2 Ng5 32. Rc6 Qb7 33. h4 Ne4
34. Qc4 Nd6 35. Rxc8+ Nxc8 36. Qc6 Qxc6 37. dxc6 Kg8 38. h5 Kf7 39. a4 Ke6 40.
Ba3 Kf5 41. Kf3 Kg5 42. g4 f5 43. Bc1+ Kf6 44. Bb2+ Kg5 45. gxf5 Kxh5 46. Bxg7
Kg5 47. Ke4 h5 48. Ke5 Na7 49. c7 Nc8 50. Ke6 1-0

[Event "Moscow-ch"]
[Site "Moscow RUS"]
[Date "2000.??.??"]
[Round "9"]
[White "Kosyrev, Vladimir"]
[Black "Sambuev, Bator"]
[Result "1-0"]
[WhiteElo "2474"]
[BlackElo "2385"]
[PlyCount "81"]
[EventDate "2000.05.??"]
[EventType "swiss"]
[EventRounds "9"]
[EventCountry "RUS"]
[Source "ChessBase"]
[SourceDate "2000.11.22"]

1. d4 Nf6 2. c4 e6 3. Nf3 b6 4. e3 Bb7 5. Bd3 d5 6. O-O Bd6 7. b3 O-O 8. Bb2
Nbd7 9. Nc3 a6 10. Qe2 Ne4 11. Rad1 Qe7 12. Nb1 f5 13. Ne5 Bxe5 14. dxe5 Nec5
15. Bc2 dxc4 16. bxc4 b5 17. Ba3 Nxe5 18. Bb3 Nf3+ 19. gxf3 Qg5+ 20. Kh1 Qh5
21. e4 Rf6 22. Rg1 Nxe4 23. Rd3 Ng5 24. Nd2 Nh3 25. Rg3 Rh6 26. Rd7 Ng5 27. Rg2
Rg6 28. Bd1 bxc4 29. Rxc7 Bd5 30. Bb2 Rd8 31. Qe5 Nf7 32. Rxg6 Qxg6 33. Qg3
Bxf3+ 34. Bxf3 Rxd2 35. Bh5 Qxg3 36. Bxf7+ Kf8 37. fxg3 Rxb2 38. Bxe6 c3 39.
Rxc3 Ke7 40. Bb3 Kd6 41. Rc2 1-0

[Event "Petroff mem op"]
[Site "St Petersburg RUS"]
[Date "2000.02.08"]
[Round "2"]
[White "Sambuev, Bator"]
[Black "Kalygin, Sergey"]
[Result "1/2-1/2"]
[WhiteElo "2385"]
[BlackElo "2497"]
[PlyCount "77"]
[EventDate "2000.02.05"]
[EventType "swiss"]
[EventRounds "9"]
[EventCountry "RUS"]

1. Nf3 d5 2. d4 Nf6 3. c4 e6 4. Nc3 c6 5. Bg5 Nbd7 6. e3 Qa5 7. Nd2 Bb4 8. Qc2
dxc4 9. Bxf6 Nxf6 10. Nxc4 Qc7 11. Be2 O-O 12. O-O Bd7 13. Ne4 Be7 14. Rac1
Rfd8 15. Ne5 Be8 16. Nxf6+ Bxf6 17. f4 g6 18. Bf3 Bg7 19. Nd3 Rac8 20. g4 b6
21. b4 Qd6 22. Rfd1 Qe7 23. Qg2 g5 24. Bxc6 Bxc6 25. Rxc6 Rxc6 26. Qxc6 gxf4
27. Nxf4 e5 28. Qe4 Qg5 29. Nh5 f5 30. Qxf5 Qxe3+ 31. Kh1 exd4 32. Rf1 Qe5 33.
Nxg7 Qxg7 34. Qe6+ Kh8 35. Rf7 Qg5 36. Rf5 Qg7 37. Rf7 Qg5 38. Rf5 Qg7 39. Rf7
1/2-1/2

[Event "Petroff mem op"]
[Site "St Petersburg RUS"]
[Date "2000.02.12"]
[Round "5"]
[White "Driamin, Dmitrij"]
[Black "Sambuev, Bator"]
[Result "1/2-1/2"]
[WhiteElo "2230"]
[BlackElo "2385"]
[PlyCount "113"]
[EventDate "2000.02.05"]
[EventType "swiss"]
[EventRounds "9"]
[EventCountry "RUS"]

1. c4 Nf6 2. g3 g6 3. b3 Bg7 4. Bb2 O-O 5. Bg2 c5 6. Nf3 Nc6 7. O-O d6 8. d4
cxd4 9. Nxd4 Bd7 10. Nc3 Nxd4 11. Qxd4 Bc6 12. Nd5 Ne8 13. Qd2 Bxb2 14. Qxb2
Bxd5 15. Bxd5 Qc7 16. Rac1 Nf6 17. Bg2 a5 18. a3 Qb6 19. Rc2 Rfc8 20. e3 Rc7
21. Rb1 Nd7 22. Qd4 Rac8 23. Qxb6 Nxb6 24. Bh3 e6 25. Rd2 d5 26. cxd5 Rc1+ 27.
Rd1 Rxb1 28. Rxb1 Nxd5 29. Bg2 Nc3 30. Rb2 b5 31. Bf3 Rd8 32. Kf1 e5 33. Ke1 e4
34. Be2 b4 35. axb4 axb4 36. f3 exf3 37. Bxf3 Rd3 38. Kf2 Kg7 39. Be2 Nxe2 40.
Kxe2 Rc3 41. Kf3 g5 42. h4 gxh4 43. gxh4 Kh6 44. Ke4 f6 45. Rf2 Kg7 46. Rb2 h5
47. Kf4 Kg6 48. Rg2+ Kf7 49. Rb2 Rc1 50. Rd2 Rc3 51. Kf5 Ke7 52. Rd4 Rxb3 53.
Re4+ Kf7 54. Re6 Kg7 55. Re7+ Kh6 56. Kxf6 Rc3 57. Rb7 1/2-1/2

[Event "Petroff mem op"]
[Site "St Petersburg RUS"]
[Date "2000.02.13"]
[Round "6"]
[White "Sambuev, Bator"]
[Black "Grishin, E."]
[Result "1-0"]
[WhiteElo "2385"]
[BlackElo "2309"]
[PlyCount "59"]
[EventDate "2000.02.05"]
[EventType "swiss"]
[EventRounds "9"]
[EventCountry "RUS"]
[Source "Mark Crowther"]
[SourceDate "2000.01.21"]

1. Nf3 f5 2. d3 Nf6 3. e4 e6 4. e5 Nd5 5. c4 Nb6 6. d4 d6 7. Nc3 Be7 8. Bf4 O-O
9. h4 Nc6 10. a3 dxe5 11. dxe5 a5 12. Nb5 h6 13. h5 a4 14. Qc2 Na5 15. Rd1 Bd7
16. Rg1 Qc8 17. g4 Bc6 18. Nfd4 Be4 19. Bd3 c5 20. gxf5 Bxd3 21. Rxd3 cxd4 22.
f6 Bxf6 23. exf6 Rxf6 24. Be5 Qf8 25. Rdg3 g5 26. Rxg5+ hxg5 27. Rxg5+ Kf7 28.
Qh7+ Ke8 29. Nc7+ Kd8 30. Bxf6+ 1-0

[Event "Petroff mem op"]
[Site "St Petersburg RUS"]
[Date "2000.02.14"]
[Round "7"]
[White "Alekseev, Vadim"]
[Black "Sambuev, Bator"]
[Result "1-0"]
[WhiteElo "2440"]
[BlackElo "2385"]
[PlyCount "87"]
[EventDate "2000.02.05"]
[EventType "swiss"]
[EventRounds "9"]
[EventCountry "RUS"]
[Source "Mark Crowther"]
[SourceDate "2000.01.21"]

1. b4 e5 2. a3 d5 3. Bb2 Bd6 4. Nf3 Qe7 5. e3 Nf6 6. c4 c6 7. Be2 O-O 8. Nc3
Nbd7 9. Qc2 dxc4 10. Bxc4 e4 11. Ng5 Ne5 12. Ncxe4 Nxe4 13. Nxe4 Bf5 14. Be2
Bxe4 15. Qxe4 f5 16. Qc2 f4 17. d4 fxe3 18. dxe5 exf2+ 19. Kf1 Bxe5 20. Qe4
Bxb2 21. Qxe7 Bxa1 22. Qxb7 a5 23. g3 Rab8 24. Qxc6 axb4 25. Qc4+ Kh8 26. axb4
Rbc8 27. Qa2 Ra8 28. Qb3 Rae8 29. b5 Bd4 30. Qc4 Bb6 31. Kg2 h6 32. Rf1 Rf6 33.
Bd3 Rd6 34. Rxf2 Bxf2 35. Kxf2 Red8 36. Ke3 Re8+ 37. Kd2 Rf6 38. Qd4 Rb8 39.
Qe4 g6 40. Qe5 Rbb6 41. Qe8+ Kg7 42. Bc4 Rfd6+ 43. Kc3 h5 44. h4 1-0

[Event "Petroff mem op"]
[Site "St Petersburg RUS"]
[Date "2000.02.15"]
[Round "8"]
[White "Sambuev, Bator"]
[Black "Khropov, Boris"]
[Result "1-0"]
[WhiteElo "2385"]
[BlackElo "2285"]
[PlyCount "77"]
[EventDate "2000.02.05"]
[EventType "swiss"]
[EventRounds "9"]
[EventCountry "RUS"]
[Source "Mark Crowther"]
[SourceDate "2000.01.21"]

1. Nf3 Nf6 2. c4 d6 3. d4 c6 4. Nc3 Bg4 5. e3 Nbd7 6. Be2 e5 7. O-O Be7 8. b4
O-O 9. Bb2 e4 10. Nd2 Bxe2 11. Qxe2 d5 12. b5 Bb4 13. Rfc1 Qe7 14. a3 Bd6 15.
h3 Qe6 16. Nb3 dxc4 17. Na5 cxb5 18. Nxb5 Nb6 19. Nxb7 Bb8 20. a4 a6 21. Nc5
Qc6 22. Na3 Nxa4 23. Nxa4 Qxa4 24. Nxc4 Qb5 25. Ba3 Re8 26. Rab1 Qf5 27. Nb6
Ra7 28. Rc6 h5 29. Qc4 Qa5 30. Nc8 Qxa3 31. Nxa7 Bxa7 32. Rc7 Re7 33. Rbb7 Rxc7
34. Qxc7 Qa1+ 35. Kh2 Qa2 36. Rxa7 h4 37. Qc8+ Kh7 38. Qf5+ Kh6 39. Ra8 1-0

[Event "Petroff mem op"]
[Site "St Petersburg RUS"]
[Date "2000.02.16"]
[Round "9"]
[White "Moiseenko, Alexander"]
[Black "Sambuev, Bator"]
[Result "1-0"]
[WhiteElo "2573"]
[BlackElo "2385"]
[PlyCount "65"]
[EventDate "2000.02.05"]
[EventType "swiss"]
[EventRounds "9"]
[EventCountry "RUS"]
[Source "Mark Crowther"]
[SourceDate "2000.01.21"]

1. d4 e6 2. c4 Nf6 3. Nc3 Bb4 4. g3 O-O 5. Bg2 c5 6. Nf3 cxd4 7. Nxd4 d5 8.
cxd5 Nxd5 9. Bd2 Nb6 10. Nc2 Be7 11. Ne3 Nc6 12. a4 a5 13. O-O Nb4 14. Qc1 Bd7
15. Bxb7 Ra7 16. Bf3 Rc7 17. Qb1 Qe8 18. Rc1 Nxa4 19. Nxa4 Rxc1+ 20. Qxc1 Bxa4
21. Qc7 Bd8 22. Qd6 Qb5 23. Bc3 Bb3 24. Ra3 Nd5 25. Bxd5 Bxd5 26. Nxd5 exd5 27.
e3 Re8 28. Ra1 Bb6 29. Rd1 Qe2 30. Rd2 Qe1+ 31. Kg2 Bxe3 32. fxe3 Qxe3 33. Qxd5
1-0

[Event "RUS-Cup"]
[Site "Moscow RUS"]
[Date "2000.??.??"]
[Round "4"]
[White "Shaposhnikov, Evgeny"]
[Black "Sambuev, Bator"]
[Result "1/2-1/2"]
[WhiteElo "2503"]
[BlackElo "2385"]
[PlyCount "72"]
[EventDate "2000.??.??"]
[EventType "swiss"]
[EventRounds "9"]
[EventCountry "RUS"]
[Source "ChessBase"]
[SourceDate "2000.11.22"]

1. e4 e6 2. d4 d5 3. Nc3 Nf6 4. e5 Nfd7 5. f4 c5 6. Nf3 Nc6 7. Be3 a6 8. Qd2 b5
9. Bd3 Qb6 10. Qf2 cxd4 11. Nxd4 Bc5 12. Nce2 b4 13. O-O a5 14. c3 Ba6 15. Bxa6
Rxa6 16. cxb4 axb4 17. Rac1 Nxd4 18. Nxd4 O-O 19. Rxc5 Nxc5 20. Nb3 Ne4 21.
Bxb6 Nxf2 22. Bxf2 Rxa2 23. Rb1 Rc8 24. Bc5 f6 25. Bxb4 Ra4 26. Bd6 Rc2 27. Nc5
Rxf4 28. exf6 Rff2 29. Nxe6 Rxg2+ 30. Kh1 Rxb2 31. Rd1 gxf6 32. Bg3 Rbd2 33.
Rf1 Kf7 34. Ng5+ Kg6 35. Nf3 Rde2 36. Rd1 d4 1/2-1/2

[Event "RUS-Cup"]
[Site "Moscow RUS"]
[Date "2000.??.??"]
[Round "5"]
[White "Sambuev, Bator"]
[Black "Kiselev, Sergey"]
[Result "0-1"]
[WhiteElo "2385"]
[BlackElo "2488"]
[PlyCount "104"]
[EventDate "2000.??.??"]
[EventType "swiss"]
[EventRounds "9"]
[EventCountry "RUS"]
[Source "ChessBase"]
[SourceDate "2000.11.22"]

1. Nf3 Nf6 2. c4 e6 3. Nc3 Bb4 4. g4 h6 5. Rg1 b6 6. h4 Bb7 7. g5 hxg5 8. hxg5
Ne4 9. Nxe4 Bxe4 10. Qb3 Qe7 11. a3 Bd6 12. Qc3 Nc6 13. Qe3 Bg6 14. b4 e5 15.
Bb2 a5 16. b5 Bc5 17. Qc3 Nd4 18. Nxd4 Bxd4 19. Qc1 Bxb2 20. Qxb2 Rh5 21. c5
Qxc5 22. Rc1 Qd6 23. Rg3 Kf8 24. Bg2 Rc8 25. Kf1 e4 26. Rc4 Qe7 27. Qc3 Rxg5
28. Rxg5 Qxg5 29. Rxc7 Re8 30. a4 Bf5 31. Qd4 Qh6 32. Rc3 Qf6 33. Qxf6 gxf6 34.
f3 exf3 35. Bxf3 Ke7 36. e4 Bg6 37. Rc7 Kd8 38. Rb7 Re6 39. Bg4 Rd6 40. d3 Kc8
41. Ra7 Rxd3 42. Ra8+ Kb7 43. Re8 Rd4 44. Kf2 f5 45. Bxf5 Bxf5 46. exf5 Rf4+
47. Ke3 Rxf5 48. Ke4 Rh5 49. Rd8 Kc7 50. Ra8 Rh4+ 51. Kd5 Rxa4 52. Ra7+ Kc8 0-1

[Event "RUS-Cup"]
[Site "Moscow RUS"]
[Date "2000.??.??"]
[Round "6"]
[White "Iskusnyh, Sergei"]
[Black "Sambuev, Bator"]
[Result "1-0"]
[WhiteElo "2495"]
[BlackElo "2385"]
[PlyCount "63"]
[EventDate "2000.??.??"]
[EventType "swiss"]
[EventRounds "9"]
[EventCountry "RUS"]
[Source "ChessBase"]
[SourceDate "2000.11.22"]

1. d4 e6 2. c4 Nf6 3. Nf3 b6 4. a3 Bb7 5. Nc3 g6 6. Qc2 Bg7 7. e4 d6 8. Be2 h6
9. O-O O-O 10. d5 exd5 11. cxd5 c5 12. h3 a6 13. Bf4 Qe7 14. a4 Nbd7 15. Nd2
Ne8 16. Nc4 Rb8 17. Ra3 Bc8 18. Rb3 Kh7 19. Bg4 Bxc3 20. bxc3 Qf6 21. Qd2 g5
22. Bg3 b5 23. f4 bxc4 24. Rxb8 Nxb8 25. Bxc8 Ng7 26. fxg5 Qe7 27. gxh6 Nh5 28.
Bf5+ Kh8 29. Bh2 Rg8 30. Qf2 Nf6 31. Qh4 Re8 32. Rb1 1-0

[Event "RUS-Cup"]
[Site "Moscow RUS"]
[Date "2000.??.??"]
[Round "8"]
[White "Yevseev, Denis"]
[Black "Sambuev, Bator"]
[Result "1-0"]
[WhiteElo "2496"]
[BlackElo "2385"]
[PlyCount "105"]
[EventDate "2000.??.??"]
[EventType "swiss"]
[EventRounds "9"]
[EventCountry "RUS"]
[Source "ChessBase"]
[SourceDate "2000.11.22"]

1. d4 e6 2. Nf3 Nf6 3. c4 b6 4. a3 Ba6 5. Qc2 c5 6. d5 exd5 7. cxd5 g6 8. Nc3
Bg7 9. g3 O-O 10. Bg2 d6 11. O-O Nbd7 12. Re1 Re8 13. Bf4 Qe7 14. Qa4 Bb7 15.
Nb5 Nxd5 16. Nxd6 b5 17. Qxb5 Nxf4 18. Nxe8 Rb8 19. Nxg7 Bxf3 20. Qxb8+ Nxb8
21. exf3 Qb7 22. Ne8 Nxg2 23. Kxg2 Nc6 24. Rac1 Nd4 25. Re3 Qc6 26. b4 c4 27.
Re4 Nxf3 28. Rcxc4 Qa8 29. Nf6+ Kg7 30. Kxf3 Kxf6 31. Ke3 Qd5 32. a4 g5 33. h4
h6 34. b5 Kg7 35. hxg5 hxg5 36. g4 Qd1 37. Red4 Qe1+ 38. Kf3 Qh1+ 39. Ke2 Qa1
40. Re4 Qa2+ 41. Kf3 Qb2 42. Kg2 Qa2 43. Rc5 Kg6 44. Rd4 Kf6 45. Rf5+ Kg6 46.
Rd6+ Kh7 47. Rxg5 Qxa4 48. Rf6 Qc4 49. Kg3 Qc7+ 50. Rf4 Qc3+ 51. Kg2 Qd3 52.
Rxf7+ Kh8 53. Re5 1-0

[Event "Chigorin mem"]
[Site "St Petersburg RUS"]
[Date "1999.11.04"]
[Round "3"]
[White "Sambuev, Bator"]
[Black "Eliseev, Alexey"]
[Result "0-1"]
[WhiteElo "2390"]
[BlackElo "2327"]
[PlyCount "77"]
[EventDate "1999.11.02"]
[EventType "swiss"]
[EventRounds "9"]
[EventCountry "RUS"]

1. Nf3 d6 2. d4 g6 3. c4 Bg7 4. Nc3 Bg4 5. e3 Nd7 6. Be2 e6 7. h3 Bxf3 8. Bxf3
c6 9. O-O Ne7 10. b4 O-O 11. Bb2 d5 12. Qb3 Nf5 13. cxd5 cxd5 14. Na4 Nd6 15.
Be2 Ne4 16. Bc3 Rc8 17. Rfc1 f5 18. Be1 f4 19. Nc3 Ng5 20. h4 Nf7 21. exf4 Qxh4
22. g3 Qe7 23. Qd1 Nd6 24. Nb5 Nxb5 25. Bxb5 a6 26. Be2 Nf6 27. f3 Nh5 28. Qd2
Bh6 29. Rc5 Nxf4 30. gxf4 Rxc5 31. bxc5 Bxf4 32. Qc3 Qg5+ 33. Kf1 e5 34. Bf2 e4
35. Bd1 Bd2 36. Qb3 e3 37. Be1 Bxe1 38. Qxb7 Bc3 39. Qd7 0-1

[Event "Chigorin mem"]
[Site "St Petersburg RUS"]
[Date "1999.11.06"]
[Round "5"]
[White "Sambuev, Bator"]
[Black "Ignatiev, Alexander"]
[Result "0-1"]
[WhiteElo "2390"]
[BlackElo "2330"]
[PlyCount "120"]
[EventDate "1999.11.02"]
[EventType "swiss"]
[EventRounds "9"]
[EventCountry "RUS"]

1. d4 d5 2. c4 c6 3. Nc3 Nf6 4. Nf3 dxc4 5. a4 Bg4 6. Ne5 Bh5 7. g3 e6 8. Bg2
Bb4 9. Nxc4 Nd5 10. Qb3 O-O 11. O-O Bxc3 12. bxc3 Bxe2 13. Re1 Bxc4 14. Qxc4
Nd7 15. Qb3 Qb6 16. Qc2 Rad8 17. a5 Qc7 18. c4 Ne7 19. Bf4 Qc8 20. Bg5 Rfe8 21.
Qb2 Nf8 22. Qa3 f6 23. Be3 Rd7 24. Qc5 a6 25. Bh3 Qd8 26. Rad1 Neg6 27. f4 f5
28. Bf2 Ne7 29. Bg2 Kf7 30. Bf3 Qc8 31. Bh5+ g6 32. Bf3 Red8 33. Rb1 Ng8 34. d5
cxd5 35. Qxc8 Rxc8 36. cxd5 exd5 37. Rxb7 Nf6 38. Rxd7+ N8xd7 39. Rd1 Ke6 40.
Bd4 Ne4 41. Be2 Rc6 42. Ra1 Nd2 43. Ra3 Rc1+ 44. Kf2 Nc4 45. Rb3 Kd6 46. Rb7
Nxa5 47. Ra7 Nc5 48. Rxh7 Nab3 49. Be5+ Kc6 50. Ke3 Re1 51. Kf2 Rc1 52. Ke3 Ne6
53. Bxa6 d4+ 54. Kf3 Nec5 55. Be2 Rc3+ 56. Kg2 Rc2 57. Kf1 Kd5 58. Bb5 d3 59.
Bxd3 Nxd3 60. g4 fxg4 0-1

[Event "Chigorin mem"]
[Site "St Petersburg RUS"]
[Date "1999.11.07"]
[Round "6"]
[White "Kyprijanov, I."]
[Black "Sambuev, Bator"]
[Result "1-0"]
[WhiteElo "2322"]
[BlackElo "2390"]
[PlyCount "61"]
[EventDate "1999.11.02"]
[EventType "swiss"]
[EventRounds "9"]
[EventCountry "RUS"]

1. d4 Nf6 2. c4 g6 3. Nc3 Bg7 4. e4 O-O 5. h3 d6 6. Be3 e5 7. d5 c6 8. Bd3 b5
9. dxc6 bxc4 10. Bxc4 Nxc6 11. Nf3 Na5 12. Be2 Bb7 13. Bg5 h6 14. Bxf6 Bxf6 15.
Qd2 Bg7 16. Rd1 Nc6 17. Qxd6 Qb6 18. Qd2 Nd4 19. Nxd4 exd4 20. Nd5 Qe6 21. O-O
Qxe4 22. Bf3 Qxf3 23. Ne7+ Kh7 24. gxf3 Rfe8 25. Rde1 Rad8 26. Qf4 Rf8 27. Rc1
d3 28. Rfd1 Rd4 29. Qe3 Re8 30. Rc7 Ba6 31. Rxa7 1-0

[Event "Chigorin mem"]
[Site "St Petersburg RUS"]
[Date "1999.11.08"]
[Round "7"]
[White "Bashkirov, Valentin"]
[Black "Sambuev, Bator"]
[Result "0-1"]
[WhiteElo "2048"]
[BlackElo "2390"]
[PlyCount "58"]
[EventDate "1999.11.02"]
[EventType "swiss"]
[EventRounds "9"]
[EventCountry "RUS"]

1. d4 Nf6 2. Nf3 e6 3. Bg5 c5 4. e3 d5 5. c3 Nbd7 6. Nbd2 Be7 7. Bd3 b6 8. O-O
Bb7 9. Ne5 Nxe5 10. dxe5 Nd7 11. Bxe7 Qxe7 12. f4 O-O-O 13. e4 g5 14. exd5 exd5
15. fxg5 Nxe5 16. Qe2 c4 17. Bf5+ Kb8 18. Rae1 Rde8 19. Bh3 h6 20. Kh1 hxg5 21.
Rf5 f6 22. Nf3 Rxh3 23. gxh3 d4 24. cxd4 Nxf3 25. Qxe7 Nxe1+ 26. Qxb7+ Kxb7 27.
Rxf6 Nd3 28. Rg6 Nxb2 29. Rxg5 c3 0-1

[Event "Chigorin mem"]
[Site "St Petersburg RUS"]
[Date "1999.11.09"]
[Round "8"]
[White "Sambuev, Bator"]
[Black "Toporov, Victor"]
[Result "1-0"]
[WhiteElo "2390"]
[BlackElo "2270"]
[PlyCount "43"]
[EventDate "1999.11.02"]
[EventType "swiss"]
[EventRounds "9"]
[EventCountry "RUS"]

1. Nf3 f5 2. d3 Nf6 3. e4 fxe4 4. dxe4 Nxe4 5. Bd3 Nf6 6. Ng5 g6 7. h4 e5 8. h5
e4 9. Nxe4 Nxe4 10. Bxe4 Qe7 11. O-O Kd8 12. Nc3 c6 13. Re1 Qf6 14. Be3 Bg7 15.
h6 Bxh6 16. Bxh6 d6 17. Qd2 Kc7 18. Bg5 Qf8 19. Bf3 d5 20. Bxd5 Bf5 21. Rad1
Nd7 22. Be6 1-0

[Event "Chigorin mem"]
[Site "St Petersburg RUS"]
[Date "1999.11.10"]
[Round "9"]
[White "Bataev, Evgeny"]
[Black "Sambuev, Bator"]
[Result "1/2-1/2"]
[WhiteElo "2227"]
[BlackElo "2390"]
[PlyCount "116"]
[EventDate "1999.11.02"]
[EventType "swiss"]
[EventRounds "9"]
[EventCountry "RUS"]

1. c4 Nf6 2. Nc3 g6 3. d4 Bg7 4. e4 O-O 5. Be3 d6 6. f3 e5 7. Nge2 c6 8. Qd2
exd4 9. Nxd4 a6 10. Rd1 Qe7 11. Be2 Nbd7 12. Nb3 Ne8 13. O-O f5 14. Rfe1 b5 15.
cxb5 axb5 16. Bxb5 f4 17. Bf2 Bb7 18. Bc4+ Kh8 19. Nd4 Ne5 20. Bb3 Bc8 21. Kh1
Bd7 22. Qe2 Nf6 23. Nb1 Nh5 24. Nd2 c5 25. Nc2 g5 26. Nc4 g4 27. Nxe5 Bxe5 28.
fxg4 Ng3+ 29. Bxg3 fxg3 30. Rf1 h5 31. Ne3 Qh4 32. h3 hxg4 33. Nxg4 Bxg4 34.
Qxg4 Qxg4 35. hxg4 Kg7 36. Rf5 Rh8+ 37. Kg1 Rab8 38. Rd3 c4 39. Bxc4 Rxb2 40.
Rd1 Rc2 41. Bb3 Rb2 42. Rh5 Rxh5 43. gxh5 Kh6 44. Rd3 Kxh5 45. Bd1+ Kg5 46. Bf3
Rxa2 47. Kf1 Kf4 48. Ke1 Rf2 49. Kd1 Ra2 50. Ke1 Ra4 51. Kd2 Rb4 52. Ke2 Bd4
53. Kd1 Bc5 54. Kc2 Ra4 55. Kb3 Ra1 56. Kc2 Rf1 57. Kc3 Rf2 58. Kc4 Rc2+
1/2-1/2

[Event "Novgorod op"]
[Site "Novgorod RUS"]
[Date "1999.03.19"]
[Round "1"]
[White "Sambuev, Bator"]
[Black "Popov, Valerij"]
[Result "1/2-1/2"]
[WhiteElo "2409"]
[BlackElo "2582"]
[PlyCount "125"]
[EventDate "1999.03.19"]
[EventType "swiss"]
[EventRounds "10"]
[EventCountry "RUS"]
[Source "ChessBase"]
[SourceDate "1999.05.10"]

1. Nf3 d5 2. d4 c6 3. c4 e6 4. Nc3 dxc4 5. g3 b5 6. Bg2 Bb7 7. Ne5 f6 8. Ng4 h5
9. Ne3 a6 10. a4 Nd7 11. O-O h4 12. Qc2 f5 13. b3 b4 14. bxc4 bxc3 15. Rb1 Rb8
16. d5 cxd5 17. Nxf5 h3 18. Bf3 Ngf6 19. Nd4 Kf7 20. Bf4 e5 21. Qf5 g6 22. Qe6+
Kg7 23. Bxe5 Nxe5 24. Qxe5 Qd6 25. Ne6+ Kf7 26. Ng5+ Kg8 27. Qd4 Be7 28. Rb6
Bc6 29. Rxb8+ Qxb8 30. cxd5 Qd6 31. Qxc3 Bxa4 32. e4 Nd7 33. Qxh8+ Kxh8 34.
Nf7+ Kg7 35. Nxd6 Bxd6 36. Be2 Bc2 37. Bxa6 Bxe4 38. Bc8 Ne5 39. Bxh3 Nf3+ 40.
Kh1 Ne1+ 41. f3 Bxf3+ 42. Rxf3 Nxf3 43. Bg4 Nd2 44. Be2 Kf6 45. Kg2 Ne4 46. Bf3
Nd2 47. Be2 Nb3 48. Bd3 Nd4 49. Be4 Nf5 50. Kf3 Ke5 51. Bb1 Be7 52. Kg4 Nh6+
53. Kf3 g5 54. h3 Kxd5 55. Bc2 Bd6 56. Bb1 Kd4 57. Bg6 Ke5 58. Bb1 Ke6 59. Ba2+
Kf6 60. Bb1 Nf7 61. Kg4 Ne5+ 62. Kh5 Bc5 63. h4 1/2-1/2

[Event "Novgorod op"]
[Site "Novgorod RUS"]
[Date "1999.03.25"]
[Round "7"]
[White "Sambuev, Bator"]
[Black "Yevseev, Denis"]
[Result "0-1"]
[WhiteElo "2409"]
[BlackElo "2503"]
[PlyCount "66"]
[EventDate "1999.03.19"]
[EventType "swiss"]
[EventRounds "10"]
[EventCountry "RUS"]
[Source "ChessBase"]
[SourceDate "1999.05.10"]

1. Nf3 Nf6 2. d4 d5 3. Bf4 Bg4 4. Ne5 Bh5 5. c4 Nbd7 6. Nc3 e6 7. f3 Bg6 8. g4
Nxe5 9. dxe5 d4 10. Nb5 Bb4+ 11. Bd2 Nd5 12. Kf2 Ne3 13. Bxe3 dxe3+ 14. Kg3 Bd2
15. Qa4 O-O 16. h4 f6 17. Bh3 fxe5 18. Rhf1 Rf4 19. Qb3 Qe7 20. Nc3 Raf8 21. h5
Be8 22. Ne4 Bc6 23. Nxd2 exd2 24. e4 Qg5 25. Qd3 R4f7 26. Rad1 Rd7 27. Qe2 Rfd8
28. Rf2 Rd3 29. Kg2 R8d4 30. b3 Qf4 31. Kg1 a5 32. c5 a4 33. Bf1 Re3 0-1

[Event "Aratovsky mem"]
[Site "Saratov RUS"]
[Date "1999.??.??"]
[Round "3"]
[White "Nedochetov, Mikhail"]
[Black "Sambuev, Bator"]
[Result "0-1"]
[WhiteElo "2263"]
[BlackElo "2390"]
[PlyCount "104"]
[EventDate "1999.??.??"]
[EventType "swiss"]
[EventRounds "9"]
[EventCountry "RUS"]
[Source "ChessBase"]
[SourceDate "2000.01.11"]

1. Nf3 Nf6 2. c4 e6 3. g3 b6 4. Bg2 Bb7 5. O-O c5 6. Nc3 Be7 7. Re1 O-O 8. e4
d6 9. d4 cxd4 10. Nxd4 Qc8 11. Be3 Nbd7 12. Rc1 Nc5 13. f3 a6 14. b4 Ncd7 15.
f4 Re8 16. g4 g6 17. g5 Nh5 18. Bh3 Ng7 19. f5 exf5 20. Nd5 Bd8 21. exf5 Ne5
22. Bf4 Nh5 23. Bxe5 Rxe5 24. Nf3 Rxe1+ 25. Qxe1 Bc6 26. Rc3 Qb7 27. Re3 b5 28.
f6 h6 29. Ne7+ Kh7 30. Nxc6 Qxc6 31. gxh6 Bxf6 32. Bg2 Qxc4 33. Nd2 Qc8 34.
Bxa8 Qxa8 35. Re4 Qd5 36. Nf3 Qxa2 37. Qf2 Qb1+ 38. Qe1 Qc2 39. Qe2 Qc6 40. Kf2
Kxh6 41. Nd4 Qd5 42. Nf3 Qf5 43. Qe3+ Kg7 44. Re8 Nf4 45. Re4 Ne6 46. Kg3 d5
47. Rg4 Be7 48. h3 Bd6+ 49. Kf2 d4 50. Qd2 Be5 51. Rh4 Bf4 52. Rxf4 Qxf4 0-1

[Event "Aratovsky mem"]
[Site "Saratov RUS"]
[Date "1999.??.??"]
[Round "4"]
[White "Sambuev, Bator"]
[Black "Pogosian, Vladimir"]
[Result "1-0"]
[WhiteElo "2390"]
[BlackElo "2325"]
[PlyCount "81"]
[EventDate "1999.??.??"]
[EventType "swiss"]
[EventRounds "9"]
[EventCountry "RUS"]
[Source "ChessBase"]
[SourceDate "2000.01.11"]

1. Nf3 e6 2. c4 Nf6 3. Nc3 Bb4 4. Qc2 O-O 5. a3 Bxc3 6. Qxc3 d5 7. e3 b6 8. b4
a5 9. Bb2 axb4 10. axb4 Rxa1+ 11. Bxa1 Ba6 12. b5 Bb7 13. cxd5 Bxd5 14. Be2 c6
15. O-O c5 16. Bb2 Nbd7 17. d3 Qc7 18. e4 Bb7 19. Nd2 e5 20. Nc4 Re8 21. g3 h6
22. f4 exf4 23. Rxf4 Re7 24. Bd1 Kh7 25. Qc2 Kg8 26. Qf2 Kf8 27. Bb3 Kg8 28. g4
h5 29. gxh5 Nxh5 30. Rxf7 Rxf7 31. Nd6 Qxd6 32. Qxf7+ Kh7 33. Qxh5+ Qh6 34.
Qxh6+ Kxh6 35. Kf2 Kg6 36. Ke3 Nf6 37. Be6 Kg5 38. h3 Ba8 39. Be5 Ne8 40. Bd7
Nf6 41. Bc7 1-0

[Event "Aratovsky mem"]
[Site "Saratov RUS"]
[Date "1999.??.??"]
[Round "5"]
[White "Tomashevsky, Evgeny"]
[Black "Sambuev, Bator"]
[Result "1-0"]
[WhiteElo "2292"]
[BlackElo "2390"]
[PlyCount "67"]
[EventDate "1999.??.??"]
[EventType "swiss"]
[EventRounds "9"]
[EventCountry "RUS"]
[Source "ChessBase"]
[SourceDate "2000.01.11"]

1. Nf3 Nf6 2. d4 e6 3. c4 b6 4. e3 Bb7 5. Bd3 Bb4+ 6. Bd2 a5 7. Nc3 O-O 8. O-O
d6 9. Ne1 e5 10. d5 Nbd7 11. e4 Nc5 12. Qe2 Qe7 13. Bc2 Bc8 14. g3 Bg4 15. f3
Bd7 16. Ng2 Na6 17. Ne3 Bc5 18. Kg2 g6 19. Ba4 Bxa4 20. Nxa4 Bxe3 21. Bxe3 Nd7
22. Bh6 Rfe8 23. Qd2 Ndc5 24. Nc3 Nb4 25. Rae1 Qd7 26. a3 Nba6 27. f4 Nb3 28.
Qf2 f6 29. fxe5 fxe5 30. Re3 Nd4 31. Nb5 Qe7 32. Nxd4 exd4 33. Rf3 Nc5 34. Rf7
1-0